Hỏi đáp về thủ tục giải quyết và thi hành án dân sự

Đã lưu trong:
书目详细资料
主要作者: Phạm, Thị Thanh Nga
格式: 图书
语言:Undetermined
出版: Hà Nội Lao động - Xã hội 2005
主题:
标签: 添加标签
没有标签, 成为第一个标记此记录!
Thư viện lưu trữ: Trung tâm Học liệu Trường Đại học Cần Thơ
LEADER 00609nam a2200205Ia 4500
001 CTU_104069
008 210402s9999 xx 000 0 und d
020 |c 61000 
082 |a 347.59707 
082 |b Ng100/T.1 
100 |a Phạm, Thị Thanh Nga 
245 0 |a Hỏi đáp về thủ tục giải quyết và thi hành án dân sự 
245 0 |c Phạm Thị Thanh Nga 
260 |a Hà Nội 
260 |b Lao động - Xã hội 
260 |c 2005 
650 |a Civil procedure 
650 |z Vietnam 
904 |i Minh 
980 |a Trung tâm Học liệu Trường Đại học Cần Thơ